| 000 | 00782nam a2200229Ia 4500 | ||
|---|---|---|---|
| 005 | 20250108125104.0 | ||
| 008 | 008 250107s9999 xx 000 0 hin d | ||
| 020 | _a978-81-968691-2-0 | ||
| 037 | _aTB | ||
| 040 |
_aCRL _bhin _cCRL |
||
| 041 |
_ahin _2hin |
||
| 084 | _aY:1'A 152R4 | ||
| 084 | _qCRL | ||
| 100 | _aमेघवाल, अर्जुन राम, ले. | ||
| 245 | 0 |
_aदिव्य पथ का दांपत्य _cमेघवाल, अर्जुन राम, ले. |
|
| 260 |
_aनई दिल्ली, भारत _bप्रभात प्रकाशन _c3266 |
||
| 300 | _a199पृ0 | ||
| 365 |
_aINR _b699 |
||
| 650 | _aसमाजशास्त्र | ||
| 942 |
_cTB _hY:1'A 152R4 |
||
| 999 |
_c1235654 _d1235654 |
||